| 000 | 00554nam a2200169 a 4500 | ||
|---|---|---|---|
| 008 | 120416s1938 ||||||||||||||||| || u | ||
| 050 | _aJC 257 Rus | ||
| 100 | _aRussell, Bertrand, 3rd Earl, 1872-1970 | ||
| 245 | 1 | 0 | _aPower |
| 246 | _aa new social analysis | ||
| 260 |
_aLondon _bAllen & Unwin _c1938 |
||
| 300 | _a328p. | ||
| 350 | _a0.00 | ||
| 650 | _aPOLITICS | ||
| 650 | _aPOLITICAL POWER | ||
| 995 |
_D0.00 _FCBU-MAIN LIBRARY (Kitwe) _H1 _I0.00 _M1 _UAVAILABLE _ZAnnex Low-Usage Collection |
||
| 999 |
_c54155 _d54155 |
||